Odgadnij tych członków SBM Label - Statystyki

Ogólne statystyki
  • Ten quiz został rozwiązany 777 razy
  • Średni wynik to 12 z 14
Statystyki odpowiedzi
Obrazkowy Odpowiedź % Poprawnych
Bedoes
100%
Mata
99%
Białas
98%
Kinny Zimmer
95%
White 2115
95%
Solar
93%
Jan-rapowanie
92%
Janusz Walczuk
91%
Lanek
91%
fukaJ
88%
Kacperczyk
87%
Beteo
83%
Adi Nowak
82%
DJ Johny
39%
Nie znaleziono quizów pasujących do podanych kryteriów
Rozkład punktacji
Procent ludzi z każdym wynikiem
Percentyl według liczby udzielonych odpowiedzi
Twoja historia wyników
Nie rozwiązałeś tego quizu